01899cam a22003495a 45000010009000000050017000090080041000260200043000670200040001100400038001500820022001881000030002102450156002402500012003962600046004083000036004545000117004905000024006075000027006315040041006585050523006996500043012226500025012656510010012906530023013006550024013237000021013477000022013689420022013909990017014129520120014291695308920151015125412.0110906t2012 nyua frbd 001 0 eng d a9780071756389 (softcover : alk. paper) a0071756388 (softcover : alk. paper) aDNLM/DLCbengcDLCdDLCdEG-ScBUE04a615.1068bCIP2221 aCipolle, Robert J.93849310aPharmaceutical care practice :bthe patient-centered approach to medication management services /cRobert J. Cipolle, Linda M. Strand, Peter C. Morley. a3rd ed. aNew York :bMcGraw-Hill Medical,cc.2012. axxvii, 697 p. :bill. ;c25 cm. aRev. ed. of : Pharmaceutical care practice / Robert J. Cipolle, Linda M. Strand, Peter C. Morley. 2nd ed. c2004. aIndex : p. 683-697. aGlossary : p. 655-670. aIncludes bibliographical references.0 aMedication management services defined -- Pharamceutical care as the professional practie for patient centered medication management services -- Toward a philosophy of pharmaceutical care practice -- Patient centeredness in pharmacetuical care -- Drug therapy problems -- The assessment -- The care plan -- Follow-up evaluation -- Documentation in practice -- Acquiring and applying the knowledge and clinical skills required to manage drug therapy -- Managing medication management services -- The global perspective. 0aPharmaceutical services.2BUEsh932462 0aPharmacology.2BUEsh 2BUEsh bPPhrmcOctober2015 vReading book9342321 aMorley, Peter C.1 aStrand, Linda M.  2ddck615.1068 CIP c20916d20888 00102ddc40708BaccahaMAINbMAINc1STd2015-10-15ePurchasel0o615.1068 CIPp000039925r2025-07-15 00:00:00yBB